000 00349nam a2200145Ia 4500
008 260624s2024 xx 000 0 und d
020 _a9789356963153
041 _aeng
082 _a616.028
100 _aSubhal B
245 _aTextbook of Critical Care Nutrition
250 _a1st ed
260 _bJaypee2024
_c2024
650 _aCritical care
999 _c1222554
_d1222554